01895nam a2200397 c 450000100060000000300100000600500170001600700030003300800410003602000180007704000350009504100080013004300120013808200200015010000450017024501170021525000230033226400450035530000540040033600270045433700330048133800280051450000660054250000550060852004040066352100680106758601040113565000260123965000270126565000470129265000600133970000190139970000470141894200150146599900170148058155CO-BoRNBP20250819202710.0ta231129t2023 ck a|||br ||| 00| 0dspa d a9789585395534 aCO-BoRNBPbspaerdacCO-BoRNBP0 aspa as-ck---04a599.5bM85v222 aMuñoz Toro, Juliana,d1988-eaut9172413aEl vuelo de las jorobadas /cJuliana Muñoz Toro ; ilustraciones de Dipacho ; edición de Paula Guerra Arjona. aEdición especial 1aBogotá, Colombia :bLazo libros,c2023 a40 páginas sin numerar :bilustraciones a color atextobtxt2rdacontent asin mediaciónbn2rdamedia avolumenbnc2rdacarrier aDipacho es el seudónimo del autor Diego Francisco Sánchez aIncluye datos biográficos del autor e ilustrador2 aEste libro es perfecto para un amante de los viajes, el mar y los animales. Los 8000 km que recorren las ballenas de la Antártida al Pacífico colombiano están resumidos en este libro que contiene ilustraciones, mapas, infografías y datos fascinantes sobre la vida de las ballenas jorobadas y su ruta migratoria a Colombia. ¡Un viaje ilustrado para enamorarse de estas gigantes del océano!1 aRecomendado para un público infantil a partir de los 6 años aPremio los mejores libros para niños y jóvenes, año 2021 del banco del libro (IBBV Venezuela)07aBallenas2lemb96242207aCetáceos2lemb9868207aLibros ilustrados para niños2LEMB9200107aMamíferos marinosvcomunicación animal2lemb962423 aDipacho935729 aGuerra Arjona, Paula,deditoraeedt962574 2ddccBKINF c58155d58155